| 000 | 01488cam a2200361 a 4500 | ||
|---|---|---|---|
| 999 |
_c127798 _d127798 |
||
| 001 | 725447 | ||
| 003 | ARRUPE | ||
| 005 | 20180326120845.0 | ||
| 008 | 980309s1998 ohua b s001 0 eng | ||
| 010 | _a 98016298 | ||
| 020 | _a0814207693 (cloth : alk. paper) | ||
| 020 | _a0814207707 (pbk. : alk. paper) | ||
| 040 |
_aDLC _cDLC _dDLC |
||
| 043 | _ae-bu--- | ||
| 050 | 0 | 0 |
_aJN9607 _b.M45 1998 |
| 082 | 0 | 0 |
_a320.9499/09/049 _221 |
| 100 | 1 |
_aMelone, Albert P. _941046 |
|
| 245 | 1 | 0 |
_aCreating parliamentary government : _bthe transition to democracy in Bulgaria / _cAlbert P. Melone. |
| 260 |
_aColumbus : _bOhio State University Press, _cc1998. |
||
| 300 |
_axxi, 323 p. : _bill. ; _c24 cm. |
||
| 440 | 0 |
_aParliaments and legislatures series _941047 |
|
| 504 | _aIncludes bibliographical references (p. 293-306) and index. | ||
| 610 | 1 | 0 |
_aBulgaria. _bNarodno sÅbranie _xHistory. _941048 |
| 650 | 0 |
_aLegislative bodies _zBulgaria _xHistory. _941049 |
|
| 650 | 0 |
_aRepresentative government and representation _zBulgaria _xHistory. _941050 |
|
| 650 | 0 |
_aDemocracy _zBulgaria _xHistory. _941051 |
|
| 650 | 0 |
_aDemocratization _zBulgaria _xHistory. _941052 |
|
| 651 | 0 |
_aBulgaria _xPolitics and government _y1990- _941053 |
|
| 906 |
_a7 _bcbc _corignew _d1 _eocip _f19 _gy-gencatlg |
||
| 942 |
_2lcc _cMONOGRAPH |
||